00550nam a22001457a 4500008004100000020002200041082001100063100002400074245009100098260002100189300001700210942000800227999001500235952015400250230301b |||||||| |||| 00| 0 eng d a978-0-09181-697-1 a155.24 aDr. Spencer Johnson aWho Moved My Cheese?bAn amazing way to deal with change in your work and in your life bVermilion,c2019 a94 p.c20 cm 2ddc c9397d9398 00102ddc40708PopularaRTCLIBbRTCLIBcPopulard2023-03-01h177016l10m5o155.24 JOHp30018606r2026-03-03 09:45:35s2026-02-02w2023-03-01yMAIN